000 00803nam a2200253 i 4500
001 59983
003 ES-MaACL
005 20250827062606.0
007 t|
008 031031s1986 sp ||||1| spa d
020 _a84-7398-379-3
110 1 _aEspaña
_93622
240 1 0 _aLeyes, etc.
245 1 0 _aFuncionarios públicos
_b: administración del Estado y de las Comunidades Autónomas /
_ccompilación y notas de Jesús Fernández Jiménez.
260 _aMadrid :
_bCivitas,
_c1986.
300 _a688 p. ;
_c21 cm.
490 1 _aBiblioteca de legislación ;
_v15
500 _aIndice.
700 1 _aFernández Jiménez, Jesús.
_949854
740 0 _aLeyes, etc.
830 0 _aBiblioteca de legislación ;
_v15
_9177899
852 _aES-MaACL
_jL-11754
_bR.114054
999 _c59983
_d59983